书目信息 |
| 题名: |
武林宝典
|
|
| 作者: | 宁财神 原著 ;李亚平 编者 | |
| 分册: | ||
| 出版信息: | 北京 东方出版社 2006.04 |
|
| 页数: | 301页 | |
| 开本: | 20cm | |
| 丛书名: | ||
| 单 册: | ||
| 中图分类: | J905.2 | |
| 科图分类: | ||
| 主题词: | 电视剧--dian shi ju--拍摄--概况--中国 | |
| 电子资源: | ||
| ISBN: | 7-5060-2499-3 | |
| 000 | 00908nam0 2200241 450 | |
| 001 | 012007560680 | |
| 005 | 20071204110019.42 | |
| 010 | @a7-5060-2499-3@dCNY22.00 | |
| 100 | @a20071204d2006 km y0chi0120 ea | |
| 101 | 0 | @achi |
| 102 | @aCN@b110000 | |
| 105 | @aa z 000yy | |
| 106 | @ar | |
| 200 | 1 | @a武林宝典@Awu lin bao dian@f宁财神原著@Fning cai shen yuan zhu@g李亚平编者@Gli ya ping bian zhe |
| 210 | @a北京@c东方出版社@d2006.04 | |
| 215 | @a301页@c图@d20cm | |
| 330 | @a《武林宝典》:从春节前在央视的首播到现在的重播,这部号称中国古装版“老友记”的另类 喜剧,引发了从大学教授到普通网友的关注和讨论。何况该书由《武林外传》的编剧、近来 人气急升的网络作家宁财神挂帅。 | |
| 606 | 0 | @a电视剧@Adian shi ju@x拍摄@x概况@y中国 |
| 690 | @aJ905.2@v4 | |
| 701 | 0 | @a宁财神@Aning cai shen@4原著 |
| 702 | 0 | @a李亚平@Ali ya ping@4编者 |
| 801 | 0 | @aCN@bQSSK@c20071204 |
| 905 | @b269986-88@dJ905.2@eN643@f3 | |
| 武林宝典/宁财神原著/李亚平编者.-北京:东方出版社,2006.04 |
| 301页:图;20cm |
| ISBN 7-5060-2499-3:CNY22.00 |
| 《武林宝典》:从春节前在央视的首播到现在的重播,这部号称中国古装版“老友记”的另类 喜剧,引发了从大学教授到普通网友的关注和讨论。何况该书由《武林外传》的编剧、近来 人气急升的网络作家宁财神挂帅。 |
| ● |
| 相关链接 |
|
|
|
正题名:武林宝典
索取号:J905.2/N643
 
预约/预借
| 序号 | 登录号 | 条形码 | 馆藏地/架位号 | 状态 | 备注 |
| 1 | 269986 | 202699865 | 社科库309/309社科库 97排3列6层/ [索取号:J905.2/N643] | 在馆 | |
| 2 | 269987 | 202699874 | 社科库309/309社科库 97排3列6层/ [索取号:J905.2/N643] | 在馆 | |
| 3 | 269988 | 202699883 | 自科二线404/309社科库 98排4列3层/ [索取号:J905.2/N643] | 在馆 |